[Event "COL-ch"]
[Site "Quibdo"]
[Date "2015.11.13"]
[Round "7"]
[White "Manuel Mestras, Nelson"]
[Black "Ricciulli Vargas, Roberth Eliece"]
[Result "0-1"]
[WhiteElo "1779"]
[BlackElo "1872"]
[PlyCount "90"]
[EventDate "2015.11.10"]
[EventType "swiss"]
[EventRounds "9"]
[EventCountry "COL"]
[SourceTitle "CBM 169 Extra"]
[Source "ChessBase"]
[SourceDate "2015.12.18"]
[SourceVersion "1"]
[SourceVersionDate "2015.12.18"]
[SourceQuality "1"]

1. e4 e5 2. Nf3 Nf6 3. Nc3 Nc6 4. g3 Bc5 5. Bg2 d6 6. 0-0 Be6 7. d3 Qd7 8. Be3 Bb6 9. Bxb6 axb6 10. a3 h5 11. Ng5 h4 12. Nxe6 Qxe6 13. Qd2 Nd4 14. Ne2 Nxe2+ 15. Qxe2 0-0-0 16. Bf3 Kb8 17. c3 Rh6 18. g4 Rg6 19. h3 Nh5 20. Bg2 Nf4 21. Qe3 Qb3 22. a4 Rf6 23. a5 bxa5 24. Rxa5 c5 25. Rfa1 Qxb2 26. d4 cxd4 27. cxd4 exd4 28. Qe1 Qc3 29. Qb1 Nxg2 30. Ra8+ Kc7 31. Rxd8 Kxd8 32. Qxb7 Qxa1+ 33. Kxg2 Qc3 34. Qb8+ Kd7 35. Qb7+ Qc7 36. Qb5+ Qc6 37. Qd3 Re6 38. f3 Qc5 39. Qb1 Re8 40. Qb7+ Qc7 41. Qb5+ Ke7 42. Qg5+ Kf8 43. Qxh4 Kg8 44. Qf2 d3 45. Qd2 Qc2 0-1

[Event "COL-ch"]
[Site "Quibdo"]
[Date "2015.11.11"]
[Round "3"]
[White "Manuel Mestras, Nelson"]
[Black "Rico, Oswaldo"]
[Result "0-1"]
[WhiteElo "1779"]
[BlackElo "1974"]
[PlyCount "70"]
[EventDate "2015.11.10"]
[EventType "swiss"]
[EventRounds "9"]
[EventCountry "COL"]
[SourceTitle "CBM 169 Extra"]
[Source "ChessBase"]
[SourceDate "2015.12.18"]
[SourceVersion "1"]
[SourceVersionDate "2015.12.18"]
[SourceQuality "1"]

1. e4 e6 2. d4 d5 3. exd5 exd5 4. Nf3 Nf6 5. Nc3 Bd6 6. Be2 0-0 7. 0-0 c6 8. Bg5 Re8 9. Qd2 Bg4 10. Rae1 Nbd7 11. h3 Bh5 12. Nh2 Qc7 13. Ng4 Nxg4 14. Bxg4 Bxg4 15. hxg4 h6 16. Bh4 Bf4 17. Qd3 g5 18. Bg3 Bxg3 19. fxg3 Nf8 20. Nd1 Re6 21. Rxe6 fxe6 22. Ne3 Qg7 23. Kh2 Re8 24. c3 Re7 25. b3 Rf7 26. c4 Rxf1 27. Nxf1 Nh7 28. Nd2 Nf6 29. Qe2 Kf7 30. Kh3 Nd7 31. Qf3+ Qf6 32. Qd3 Kg7 33. Nf3 Qg6 34. Qe3 Qe4 35. Qxe4 dxe4 0-1

[Event "COL-ch"]
[Site "Quibdo"]
[Date "2015.11.10"]
[Round "2"]
[White "Gonzalez Parejo, Ramon Junior"]
[Black "Manuel Mestras, Nelson"]
[Result "1-0"]
[WhiteElo "2129"]
[BlackElo "1779"]
[PlyCount "75"]
[EventDate "2015.11.10"]
[EventType "swiss"]
[EventRounds "9"]
[EventCountry "COL"]
[SourceTitle "CBM 169 Extra"]
[Source "ChessBase"]
[SourceDate "2015.12.18"]
[SourceVersion "1"]
[SourceVersionDate "2015.12.18"]
[SourceQuality "1"]

1. d4 Nf6 2. Nf3 e6 3. g3 c5 4. Bg2 Nc6 5. 0-0 Be7 6. c4 d5 7. Nc3 dxc4 8. Qa4 0-0 9. dxc5 Bd7 10. Qxc4 Qc7 11. b4 Rad8 12. Bb2 a6 13. a3 b5 14. cxb6 Qxb6 15. Rac1 Na7 16. Ne5 Rc8 17. Nxd7 Nxd7 18. Qb3 Nb5 19. Ne4 Nd4 20. Qe3 e5 21. Nc3 Qg6 22. Nd5 Nf5 23. Qd3 Qe6 24. Qxf5 Bd6 25. Qxe6 fxe6 26. Ne3 Nb6 27. Rfd1 Bb8 28. Rxc8 Rxc8 29. Bb7 Rc7 30. Rd8+ Kf7 31. Bxa6 Ba7 32. Kg2 Na4 33. Bxe5 Rc1 34. Rd7+ Kg6 35. Bd3+ Kh5 36. g4+ Kh6 37. f4 Rg1+ 38. Kh3 1-0

[Event "COL-ch"]
[Site "Quibdo"]
[Date "2015.11.10"]
[Round "1"]
[White "Manuel Mestras, Nelson"]
[Black "Valle, Efrain"]
[Result "0-1"]
[WhiteElo "1779"]
[BlackElo "2191"]
[PlyCount "60"]
[EventDate "2015.11.10"]
[EventType "swiss"]
[EventRounds "9"]
[EventCountry "COL"]
[SourceTitle "CBM 169 Extra"]
[Source "ChessBase"]
[SourceDate "2015.12.18"]
[SourceVersion "1"]
[SourceVersionDate "2015.12.18"]
[SourceQuality "1"]

1. e4 e5 2. Nf3 Nc6 3. Bb5 a6 4. Ba4 Nf6 5. 0-0 Be7 6. c3 0-0 7. d3 b5 8. Bc2 d5 9. exd5 Qxd5 10. Be3 Bf5 11. Qe2 Rad8 12. Rd1 Rfe8 13. Nh4 Bg4 14. f3 Bc8 15. Nd2 Nh5 16. f4 exf4 17. Bb3 Qe5 18. Rf1 Bxh4 19. Kh1 g6 20. Ne4 Be6 21. Bf2 Bxf2 22. Rxf2 Bxb3 23. axb3 f5 24. Rxa6 fxe4 25. Rxc6 exd3 26. Qxe5 Rxe5 27. Rf1 d2 28. h3 Ng3+ 29. Kg1 d1Q 30. Rxd1 Rxd1+ 0-1

[Event "Pan American-ch"]
[Site "Cartagena"]
[Date "2012.07.06"]
[Round "5"]
[White "Cardona, Gregorio"]
[Black "Manuel Mestras, Nelson"]
[Result "1-0"]
[WhiteElo "1879"]
[BlackElo "1705"]
[PlyCount "53"]
[EventDate "2012.07.04"]
[EventType "swiss"]
[EventRounds "9"]
[EventCountry "COL"]
[SourceTitle "CBM 149 Extra"]
[Source "ChessBase"]
[SourceDate "2012.08.24"]
[SourceVersion "1"]
[SourceVersionDate "2012.08.24"]
[SourceQuality "1"]

1. c4 Nf6 2. Nc3 e6 3. g3 d5 4. d4 Be7 5. Bg2 0-0 6. Nf3 c5 7. 0-0 Nc6 8. Qd3 cxd4 9. cxd5 exd5 10. Nxd4 Ne5 11. Qb5 a6 12. Qb3 Rb8 13. Rd1 Be6 14. Nxe6 fxe6 15. e4 Bc5 16. h3 Qe7 17. exd5 Nh5 18. Ne4 Ba7 19. Be3 Bxe3 20. Qxe3 exd5 21. Rxd5 Nf6 22. Nxf6+ gxf6 23. f4 Nc6 24. Qxe7 Nxe7 25. Rd7 Nc6 26. Re1 Rf7 27. Bd5 1-0